Modern economic issues and problems

Bibliographic Details
Other Authors: Sokół, Aneta (Editor), Drab-Kurowska, Anna (Editor), Kasian, Sergeii Y. (Editor)
Format: Book
Language:English
PhysicalDescription:135 s. grafy, ilustr., tab. 21 cm
Published: Bratislava Kartprint 2016
ISBN:9788089553372
Subjects:

MARC

LEADER 00000nam a2200000 a 4500
001 vtls011621765
003 SK-MaSNL
005 20260301042810.0
008 200115s2016 xo da f n 000 0 eng
015 |a SNBA2017/04 
020 |a 9788089553372  |q (brož.) 
035 |a urn:nbn:sk:snk-am00cx6g 
035 |a urn:nbn:sk:snk-am3hmiv 
035 |a 577C7EFC-7DDE-4AA9-AC02-17C19C4D2F77 
040 |a SNK  |b slo  |c SNK  |e AACR2 
041 0 |a eng 
044 |a xo  |c SK 
072 7 |a 33  |x Ekonómia  |2 konspekt 
072 7 |a 338.3/.4  |x Hospodárske a výrobné odvetvia  |2 konspekt 
080 |a 33  |2 2011 
080 |a (048.8:082)  |2 2011 
080 |a 338:[001+004]  |2 2011 
245 0 0 |a Modern economic issues and problems  |c editors: Aneta Sokół, Anna Drab-Kurowksa, Sergii Y. Kasian 
260 |a Bratislava  |b Kartprint  |c 2016 
300 |a 135 s.  |b grafy, ilustr., tab.  |c 21 cm 
504 |a Bibliogr.: s. 123-133 ; zoz. obr. a tab. 
650 0 7 |a ekonómia  |2 SNKPH  |9 788 
650 0 7 |a Economics  |2 SNKPHeng  |9 265310 
650 0 7 |a znalostná ekonomika  |2 SNKPH  |9 70053 
650 0 7 |a Knowledge economy  |2 SNKPHeng  |9 325331 
655 7 |a kolektívne monografie  |2 SNKPH  |9 249850 
655 7 |a Collective monographs  |2 SNKPHeng  |9 125747 
700 1 |a Sokół, Aneta  |4 edt  |9 346615 
700 1 |a Drab-Kurowska, Anna  |4 edt  |9 346616 
700 1 |a Kasian, Sergeii Y.  |4 edt  |9 346617 
919 |a 978-80-89553-37-2 
958 |a NB 
999 |c 591913  |d 593843 
952 |a SNK  |b SNK  |y PREZ  |7 0  |p 17A1255361  |o snkSC 173992  |i snk2017/8110  |8 0  |0 0  |1 0  |4 0  |d 2017-04-04  |f 1  |l 0  |r 2025-09-11 00:00:00  |w 2026-02-23 
952 |a SNK  |b SNK  |y VYP  |7 0  |p 17A1255362  |o snkSC 173992 D1  |i snk2017/8111  |8 0  |0 0  |1 0  |4 0  |d 2017-04-04  |l 0  |r 2026-02-23 15:27:36  |w 2026-02-23